000 00622nam a2200157Ia 4500
008 090711s9999 xx 000 0 und d
082 _b66531
100 _aसाठवणे पां. आ.
245 _aव्यायाम आरोग्य आणि आपले सौदर्य
300 _a48
600 _aसाठवणे पां. आ.
630 _aव्यायाम आरोग्य आणि आपले सौदर्य
700 _aसाठवणे पां. आ.
730 _aव्यायाम आरोग्य आणि आपले सौदर्य
942 _cBOOK
999 _c312347
_d312347